000
00307nam a2200121Ia 4500
008
220204s9999 xx 000 0 und d
082
_a
635.912:745.9
_b
OHI
100
_a
OHI, Minobu
245
0
_a
Flower arrangement: The Ikebana way
260
_a
Tokyo
_b
Shufunotomo
_c
1962
650
_a
Ikebana
942
_c
BK
999
_c
29459
_d
29459